| 000 | 00000nam##2200000za#4500 |
| 001 | 9.605378 |
| 003 | CaOODSP |
| 005 | 20210624212102 |
| 007 | cr ||||||||||| |
| 008 | 150406|1995||||xxc|||||o f|0| 0 fre|d |
| 040 | |aCaOODSP|bfre |
| 043 | |an-cn--- |
| 086 | 1 |aLU2-153/200-1995F-PDF |
| 110 | 1 |aCanada.|bDéveloppement des ressources humaines Canada. |bAssurance-chômage. |
| 245 | 10|aL'assurance-chômage, les mises à pied temporaires et les attentes en matière de rappel / |h[ressource électronique]|cpar Miles Corak. |
| 260 | |aOttawa - Ontario : |bDéveloppement des ressources humaines Canada. |cMars 1995. |
| 300 | |a55p.|bgraphiques, tableaux |
| 490 | 1 |aSérie d'évaluations de l'assurance-chômage |
| 500 | |a« Incidence de l'assurance-chômage sur le comportement des employeurs ». |
| 504 | |aBibliographie. |
| 590 | |a13-06-Supp|b2013-03-19 |
| 775 | 08|tUnemployment insurance, temporary layoffs and recall expectations / |w(CaOODSP)9.576009 |
| 776 | 0#|tL'assurance-chômage, les mise à pied temporaires et les attentes en matière de rappel|w(CaOODSP)9.623798 |
| 830 | #0|aSérie d'évaluations de l'assurance-chômage.|w(CaOODSP)9.503822 |
| 856 | 40|ahttp://publications.gc.ca|qPDF|s578 Ko|uhttps://publications.gc.ca/collections/collection_2013/rhdcc-hrsdc/LU2-153-200-1995-fra.pdf |
| 986 | |aIN-AH-200F-03-95 |